000 00959nam a22002297a 4500
003 0
005 20251107152614.0
008 251107b xxu||||| |||| 00| 0 eng d
020 _a978-1-98469-412-6
050 _aLC 4031
_b.W55 2025
100 _aWilliams,James,
_eauthor.
245 _aEducation, disability, and inclusion /
_cJames Williams.
260 _aNew York, NY :
_b3G E-Learning LLC,
_c2025.
300 _axx, 246 pages :
_bcolor illustrations ;
_c26 cm.
500 _aIncludes index.
504 _aIncludes bibliographical references and index.
520 _aAn introductory overview of disability awareness and inclusive education practices, exploring the role of educators, support systems, classroom adaptations, and policies that promote equal participation for learners with disabilities.
650 _aInclusive education.
650 _aChildren with disabilities
_xEducation.
650 _aSpecial education.
942 _2lcc
_cBK
999 _c368507
_d368507